Unesco handbook for science teachers/ (Record no. 158132)

MARC details
000 -LEADER
fixed length control field 00441nam a22001697a 4500
005 - DATE AND TIME OF LATEST TRANSACTION
control field 20181017153939.0
010 ## - LCCN (DPL NO)
LC control number A-841076
020 ## - INTERNATIONAL STANDARD BOOK NUMBER
International Standard Book Number 9231016660
035 ## - SYSTEM CONTROL NUMBER
System control number A-841076
037 ## - SOURCE OF ACQUISITION
Source of stock number/acquisition Unesco,Paris
082 ## - DEWEY DECIMAL CLASSIFICATION NUMBER
Classification number 370.78
245 ## - TITLE STATEMENT
Title Unesco handbook for science teachers/
260 ## - PUBLICATION, DISTRIBUTION, ETC. (IMPRINT)
Place of publication, distribution, etc Unesco,Paris
Date of publication, distribution, etc 1980
300 ## - PHYSICAL DESCRIPTION
Extent 199 p.
Dimensions 22 c.m. (Hb)
942 ## - ADDED ENTRY ELEMENTS (KOHA)
Source of classification or shelving scheme Dewey Decimal Classification
Item type English Books
Classification part 370.78
Call number suffix Une

No items available.


© Delhi Public Library
Hit Counter
free hit counter